000
00317nam a22001337a 4500
008
181217b xxu||||| |||| 00| 0 eng d
020
_a
9780071375504
041
_a
eng
080
_2
5th
_a
615
100
_a
5
101
_a
FAR
245
_a
Applied Biopharmaceutics & Pharmacokinetics
_c
Shargel.L
942
_2
udc
_c
BK
999
_c
53161
_d
53161